00261nam a2200121Ia 45000030006000000080041000060400015000471000015000622450024000772600009001015460012001100050017001220STCL150530s9999 xx 000 0 und d aSTCLcSTCL aJames Agee aDeath in the family c1974 aEnglish20220125171343.0